书目信息 |
| 题名: |
什么是材料?
|
|
| 作者: | 赵杰 编著 | |
| 分册: | ||
| 出版信息: | 大连 大连理工大学出版社 2021.09 |
|
| 页数: | 136页 | |
| 开本: | 21cm | |
| 丛书名: | ||
| 单 册: | ||
| 中图分类: | TB3-49 | |
| 科图分类: | ||
| 主题词: | 材料科学--cai liao ke xue--普及读物 | |
| 电子资源: | ||
| ISBN: | 978-7-5685-2991-4 | |
| 000 | 01128nam0 2200253 450 | |
| 001 | 28278 | |
| 005 | 20221008174423.23 | |
| 010 | @a978-7-5685-2991-4@dCNY39.80 | |
| 100 | @a20211028d2021 em y0chiy50 ea | |
| 101 | 0 | @achi |
| 102 | @aCN@b210000 | |
| 105 | @aa a 000yy | |
| 200 | 1 | @a什么是材料?@Ashen me shi cai liao ?@d= What is materials science and engineering?@f赵杰编著@zeng |
| 210 | @a大连@c大连理工大学出版社@d2021.09 | |
| 215 | @a136页@c图@d21cm | |
| 314 | @a赵杰, 大连理工大学教授、博士生导师, 辽宁省普通高等学校本科教学名师。 | |
| 320 | @a有书目 (第135-136页) | |
| 330 | @a本书从三个方面进行论述。1.材料是什么? 从材料的定义、内涵、发展 (历史、现状和未来) 、学科分支和分类进行介绍。在介绍“材料是什么”的同时, 突出一些人文内容。2.这门学科学什么? 对于材料类本科生的课程设置进行概括性的介绍。3.将来毕业后可以做什么? 结合该专业毕业生的具体情况, 给出一些真实案例。 | |
| 510 | 1 | @aWhat is materials science and engineering?@zeng |
| 606 | 0 | @a材料科学@Acai liao ke xue@j普及读物 |
| 690 | @aTB3-49@v5 | |
| 701 | 0 | @a赵杰@Azhao jie@4编著 |
| 801 | 0 | @aCN@c20220910 |
| 905 | @a河南城建学院图书馆@dTB3-49@eZ301@f2 | |
| 什么是材料?= What is materials science and engineering?/赵杰编著.-大连:大连理工大学出版社,2021.09 |
| 136页:图;21cm |
| ISBN 978-7-5685-2991-4:CNY39.80 |
| 本书从三个方面进行论述。1.材料是什么? 从材料的定义、内涵、发展 (历史、现状和未来) 、学科分支和分类进行介绍。在介绍“材料是什么”的同时, 突出一些人文内容。2.这门学科学什么? 对于材料类本科生的课程设置进行概括性的介绍。3.将来毕业后可以做什么? 结合该专业毕业生的具体情况, 给出一些真实案例。 |
| ● |
| 相关链接 |
|
|
|
正题名:什么是材料?
索取号:TB3-49/Z301
 
预约/预借
| 序号 | 登录号 | 条形码 | 馆藏地/架位号 | 状态 | 备注 |
| 1 | 1581143 | 215811432 | 自科库501/501自科库 9排4列2层/ [索取号:TB3-49/Z301] | 在馆 | |
| 2 | 1581144 | 215811441 | 自科库501/501自科库 9排4列2层/ [索取号:TB3-49/Z301] | 在馆 |